书目信息 |
| 题名: |
阿Q正传:六幕话剧
|
|
| 作者: | 鲁迅 著 | |
| 分册: | ||
| 出版信息: | 北京 中国戏剧出版社 1981.8 |
|
| 页数: | 130页 | |
| 开本: | 20cm | |
| 丛书名: | ||
| 单 册: | ||
| 中图分类: | I234.6 | |
| 科图分类: | ||
| 主题词: | 戏剧文学--剧本--中国 | |
| 电子资源: | ||
| ISBN: | ||
| 000 | 00532nam0 2200193 45 | |
| 001 | 0312221749 | |
| 005 | 20031222170804.2 | |
| 010 | @dCNY0.39 | |
| 100 | @a20031222d1981 km y0chiy0120 ea | |
| 101 | @achi | |
| 105 | @a z 000yy | |
| 200 | 1 | @a阿Q正传:六幕话剧@AA Q Zheng Chuan:Liu Mu Hua Ju@f鲁迅著@FLu Xun Zhu |
| 210 | @a北京@c中国戏剧出版社@d1981.8 | |
| 215 | @a130页@d20cm | |
| 606 | 0 | @a戏剧文学@x剧本@x中国 |
| 690 | @aI234.6@v3 | |
| 701 | 0 | @a鲁迅@4著 |
| 801 | @aCN@bTSTCL@c20031222 | |
| 905 | @a213230@dI234.6@e96@b227861@f1 | |
| 阿Q正传:六幕话剧/鲁迅著.-北京:中国戏剧出版社,1981.8 |
| 130页;20cm |
| ISBN :CNY0.39 |
| ● |
| 相关链接 |
|
|
|
|
正题名:阿Q正传:六幕话剧
索取号:I234.6/96
 
预约/预借
| 序号 | 登录号 | 条形码 | 馆藏地/架位号 | 状态 | 备注 |
| 1 | 0227861 | 000767922 | 第一样本阅览室/ [索取号:I234.6/96] | 在馆 |